000 00284nam a22001337a 4500
008 170406b xxu||||| |||| 00| 0 eng d
020 _a0890049238
041 _aeng
080 _a575
100 _a9
101 _aSHM
245 _aFUNDAMENTAL IMUNOLOGY
_cPAUL,W,E
942 _2udc
_cBK
999 _c9970
_d9970